Statistiques concernant Vainqueurs de la Coupe d'Europe des vainqueurs de coupe de football

Cliquez ici pour prendre le quiz!

Statistiques générales

  • Ce quiz a été pris 70 fois
  • Le résultat moyen est 21 sur 39

Statistiques - réponses

AnnéèVainqueur% Correct
1979 FC Barcelone
93%
1997 FC Barcelone
93%
1989 FC Barcelone
93%
1982 FC Barcelone
93%
1996 Paris Saint-Germain
91%
1967 Bayern Munich
89%
1968 Milan AC
89%
1973 Milan AC
89%
1984 Juventus FC
84%
1991 Manchester United
82%
1987 Ajax Amsterdam
79%
1994 Arsenal FC
75%
1966 Borussia Dortmund
74%
1998 Chelsea FC
72%
1971 Chelsea FC
72%
1980 Valence CF
67%
1999 Lazio Rome
61%
1972 Glasgow Rangers
54%
1963 Tottenham Hotspur
54%
1964 Sporting CP
53%
1970 Manchester City
49%
1977 Hambourg SV
47%
1978 RSC Anderlecht
47%
1976 RSC Anderlecht
47%
1961 ACF Fiorentina
42%
1993 Parme FC
33%
1975 Dynamo Kiev
32%
1986 Dynamo Kiev
32%
1983 Aberdeen FC
28%
1985 Everton
28%
1990 Sampdoria
28%
1965 West Ham United
28%
1992 Werder Brême
23%
1988 FC Malines
19%
1995 Real Saragosse
18%
1981 Dinamo Tbilissi
12%
1974 FC Magdebourg
11%
1962 Atlético de Madrid
9%
1969 Slovan Bratislava
9%

Distribution des résultats

Percentile par nombre de réponses

% des personnes avec chaque résultat

Votre développement - résultats

Vous n’avez pas pris ce quiz